Estadística básica del sistema educativo nacional : inicio de cursos 1990-1991.

Guardat en:
Dades bibliogràfiques
Autor corporatiu: México. Presidencia de la República Secretaría de Educación Pública
Format: Llibre
Idioma:espanyol
Matèries:
Etiquetes: Afegir etiqueta
Sense etiquetes, Sigues el primer a etiquetar aquest registre!

MARC

LEADER 00000cam^a2200000uu^4500
001 000481786
005 20250521000000.0
008 050901s1991^^^^^^^^^^^^rc^r^^000^0^spa^d
009 20260310125032.766
022 |a 9682933927 
035 |a FCE 000024820 
035 |a FCE 011400 
037 |a Acervo ITESO - Biblioteca 
041 |a spa 
082 0 4 |a 370.0212  |b SEP-MEX I.90-91 
110 |a México. Presidencia de la República  |b Secretaría de Educación Pública 
245 1 0 |a Estadística básica del sistema educativo nacional :  |b inicio de cursos 1990-1991. 
264 |a México :  |b SEP,  |c 1991. 
300 |a 441 p. 
336 |a texto  |b txt  |2 rdacontenido 
337 |a sin mediación  |b n  |2 rdamedio 
338 |a volumen  |b nc  |2 rdasoporte 
649 |a XX 
650 |a Educación superior 
650 |a Estadísticas educativas 
650 |a Financiamiento educativo 
650 |a Sistema educativo 
650 |a Educación básica 
650 |a Gasto educativo 
650 |a Educación media superior 
910 |a Fondo Centro de Estudios Educativos 
920 |a Impresos - Libros 
930 |a Fondos Especiales 
905 |a 133 
901 |a ALE011400  |b IT2  |c CEE  |u 20250521 
902 |a https://opac.biblio.iteso.mx/vufind/Record/000481786